000 00478nam a2200193Ia 4500
005 20240823052052.0
008 240823s9999||||xx |||||||||||||| ||und||
020 _a978-81-203-4933-9
041 _aENGLISH
082 _A333.70954 Q4
100 _aHarikesh N Misra
245 0 _aManaging Natural Resources Focus on Land and water
250 _a1st
260 _c2014
_b#VALUE!
500 _aYES
650 _aNatural Resources
_bGeneral
942 _cBK
999 _c221012
_d221012